|
|
|
|
| LEADER |
01334nam a2200337Ia 4500 |
| 001 |
EBC408053 |
| 003 |
MiAaPQ |
| 005 |
20200520144314.0 |
| 006 |
m o d | |
| 007 |
cr cn||||||||| |
| 008 |
070329s2009 enkab sb 001 0 eng d |
| 020 |
|
|
|z 1845931947 (hbk.)
|
| 020 |
|
|
|z 9781845931940 (hbk.)
|
| 035 |
|
|
|a (MiAaPQ)EBC408053
|
| 035 |
|
|
|a (Au-PeEL)EBL408053
|
| 035 |
|
|
|a (CaPaEBR)ebr10269250
|
| 035 |
|
|
|a (CaONFJC)MIL197533
|
| 035 |
|
|
|a (OCoLC)567922053
|
| 040 |
|
|
|a MiAaPQ
|c MiAaPQ
|d MiAaPQ
|
| 050 |
|
4 |
|a HD9410.5
|b .R87 2009
|
| 100 |
1 |
|
|a Rushton, Jonathan.
|
| 245 |
1 |
4 |
|a The economics of animal health and production
|h [electronic resource] /
|c by Jonathan Rushton with guest contributors ; foreword by Peter R. Ellis.
|
| 260 |
|
|
|a Wallingford, UK ;
|a Cambridge, MA :
|b CABI,
|c c2009.
|
| 300 |
|
|
|a xix, 364 p. :
|b ill., maps.
|
| 504 |
|
|
|a Includes bibliographical references (p. 302-358) and index.
|
| 533 |
|
|
|a Electronic reproduction. Ann Arbor, MI : ProQuest, 2015. Available via World Wide Web. Access may be limited to ProQuest affiliated libraries.
|
| 650 |
|
0 |
|a Animal health
|x Economic aspects.
|
| 650 |
|
0 |
|a Livestock
|x Economic aspects.
|
| 655 |
|
4 |
|a Electronic books.
|
| 710 |
2 |
|
|a ProQuest (Firm)
|
| 856 |
4 |
0 |
|u https://ebookcentral.proquest.com/lib/matrademy/detail.action?docID=408053
|z Click to View
|